000 00308nam a2200121Ia 4500
005 20251222140035.0
008 251222s1900||||xx |||||||||||||| ||spa||
082 _a128/M84
100 _aMontemayor, Alfredo
245 0 _aEl Concepto del Hombre en Rousseau
264 _bUniversidad del PacĂ­fico
942 _cLIB
999 _c3081
_d3081